ACTUARIAL MATHEMATICS AND RISK MANAGEMENT (Record no. 216438)
[ view plain ]
| 000 -LEADER | |
|---|---|
| fixed length control field | 00407nam a22001457a 4500 |
| 008 - FIXED-LENGTH DATA ELEMENTS--GENERAL INFORMATION | |
| fixed length control field | 260109b |||||||| |||| 00| 0 eng d |
| 020 ## - INTERNATIONAL STANDARD BOOK NUMBER | |
| International Standard Book Number | 978-3-0365-8391-4 |
| 100 ## - MAIN ENTRY--PERSONAL NAME | |
| Personal name | OLIVIERI, ANNAMARIA |
| 245 ## - TITLE STATEMENT | |
| Title | ACTUARIAL MATHEMATICS AND RISK MANAGEMENT |
| 260 ## - PUBLICATION, DISTRIBUTION, ETC. | |
| Place of publication, distribution, etc. | BASEL |
| Name of publisher, distributor, etc. | MDPI |
| Date of publication, distribution, etc. | 2023 |
| 300 ## - PHYSICAL DESCRIPTION | |
| Extent | IX, 214P. |
| 650 ## - SUBJECT ADDED ENTRY | |
| Topical term or geographic name entry element | 1. ACTUARIAL SCIENCE 2. RISK MANAGEMENT |
| 942 ## - ADDED ENTRY ELEMENTS (KOHA) | |
| Source of classification or shelving scheme | Library of Congress Classification |
| Koha item type | Long Loan Book |
| Withdrawn status | Lost status | Source of classification or shelving scheme | Damaged status | Not for loan | Collection | Home library | Current library | Shelving location | Date acquired | Inventory number | Total checkouts | Full call number | Barcode | Date last seen | Copy number | Price effective from | Koha item type |
|---|---|---|---|---|---|---|---|---|---|---|---|---|---|---|---|---|---|
| Library of Congress Classification | Business & Economics | Kisii University Library | Kisii University Library | On Display | 01/09/2026 | 110799 | HG 878 .A258 2023 | 000000023885 | 01/09/2026 | C.1 | 01/09/2026 | Long Loan Book | |||||
| Library of Congress Classification | Business & Economics | Kisii University Library | Kisii University Library | On Display | 01/09/2026 | 110800 | HG 878 .A258 2023 | 000000024767 | 01/09/2026 | C.2 | 01/09/2026 | Long Loan Book | |||||
| Library of Congress Classification | Business & Economics | Kisii University Library | Kisii University Library | On Display | 01/09/2026 | 110801 | HG 878 .A258 2023 | 000000024766 | 01/09/2026 | C.3 | 01/09/2026 | Long Loan Book | |||||
| Library of Congress Classification | Business & Economics | Kisii University Library | Kisii University Library | On Display | 01/09/2026 | 110802 | HG 878 .A258 2023 | 000000024765 | 01/09/2026 | C.4 | 01/09/2026 | Long Loan Book |